000 00480nam a2200169Ia 4500
003 GCL
008 140319s9999 xx 000 0 eng d
040 _aGCL /
_cGCL
082 0 4 _a020.962
_bM D
245 1 0 _aDIRECTORY OF RESEARCH LIBRARIES IN EGYPT
260 _aالقاهرة :
_bMINISTRY OF STATE FOR SCIENTIFIC RESEARCH ،
_c2003
300 _a32 CM ؛
_c148 P
650 0 4 _aLIBRARIES
650 0 4 _aLIBRARIES - DIRECTORIES
650 0 4 _aLIBRARIES - EGYPT
942 _2ddc
_cBK
999 _c5808
_d5808